• 首页
  • 本馆介绍
  • 公告通知
  • 最新文献
  • 馆藏检索
  • 电子资源
  • 读者导购
  • 参考咨询
  • 我的图书馆
  • 登录
  • 详细信息显示
  • 放入我的书架
  • 预约/预借图书
  • 作者相关作品
  • 分类相关作品
  • 丛书相关作品
  • 出版社相关作品

书目信息

  • 表格格式
  • 工作单格式
  • 卡片格式
题名:
先秦百家学术中的教育学说也论著选读
    
 
作者: 冯克诚 主编
分册: 下  
出版信息: 北京   人民武警出版社  2010
页数: 274页
开本: 22cm
丛书名: 中外教育名家名著精读丛书
单 册:
中图分类: G40-092.2
科图分类:
主题词: 先秦哲学--教育思想--研究--中国 , 先秦哲学
电子资源:
ISBN: 978-7-80176-475-1
000 00849oam2 2200253 45
001 1237575013
005 20120618100356.42
010    @a978-7-80176-475-1@dCNY39.80(全三册119.40)
100    @a20120407d2011 ekmy0chiy0120 ea
101 0  @achi
102    @aCN@b110000
105    @aa z 000yy
106    @ar
200 1  @a先秦百家学术中的教育学说也论著选读@AXian Qin Bai Jia Xue Shu Zhong De Jiao Yu Xue Shuo Ye Lun Zhu Xuan Dou@h下@HXia@f冯克诚主编@FFeng Ke Cheng Zhu Bian
210    @a北京@c人民武警出版社@d2010
215    @a274页@d22cm
225 2  @a中外教育名家名著精读丛书
461  0 @12001 @a中外教育名家名著精读丛书
606 0  @a先秦哲学@x教育思想@x研究@y中国
606 0  @a先秦哲学
690    @aG40-092.2@v4
701  0 @a冯克诚@AFeng Ke Cheng@4主编
801  0 @aCN@bTSTCL@c20120604
905    @aTSTCL@b0816816-19@dG40-092.2@e582:3@f4
    
    先秦百家学术中的教育学说也论著选读.下/冯克诚主编.-北京:人民武警出版社,2010
    274页;22cm.-(中外教育名家名著精读丛书)
    
    
    ISBN 978-7-80176-475-1:CNY39.80(全三册119.40)
    
●
相关链接 在E读中查询图书 在五车中查询图书 在当当中查询图书 在豆瓣中查询图书


正题名:先秦百家学术中的教育学说也论著选读     索取号:G40-092.2/582:3         预约/预借

序号 登录号 条形码 馆藏地/架位号 状态 备注
1 0816816   208168169   第一样本阅览室/ [索取号:G40-092.2/582:3] 在馆    
2 0816817   208168178   教育系资料室/ [索取号:G40-092.2/582:3] 在馆    
3 0816818   208168187   第四借阅区/ [索取号:G40-092.2/582:3] 在馆    
4 0816819   208168196   第四借阅区/ [索取号:G40-092.2/582:3] 在馆    
唐山师范学院图书馆 欢迎您!
大连网信软件有限公司© 版权所有